000 00601nam a2200229Ia 4500
003 OSt
005 20221007073425.0
006 a|||||r|||| 00| 0
007 ta
008 221006b |||||||| |||| 00| 0 eng d
024 _a20,795
037 _cTextual
040 _aFLL
_cFLL
_beng
041 _2eng
_aeng
082 _aZ2:166, K9
100 _aDial R. Au.
_9685587
245 0 _aProvincial insolvency act, 1920
260 _aLucknow
_bEastern book company India
_c1969
300 _a1057p
_ccm.
942 _hZ2:166, K9
_cTEXL
_2CC
999 _c1148696
_d1148696